| Tag |
First Indicator |
Second Indicator |
Subfields |
| LEADER |
00000cim a2200000Ia 4500 |
| 001 |
in00002372002 |
| 005 |
20151109041457.0 |
| 007 |
sd fungnn|||ed |
| 008 |
070630s2008 nyunnnn f n eng d |
| 020 |
|
|
|a 9780061453021 :
|c $39.95
|
| 020 |
|
|
|a 0061453021 :
|c $39.95
|
| 028 |
0 |
2 |
|a UACD 5647(8)
|b Harper Audio
|
| 035 |
|
|
|a (OCoLC)ocn156816820
|
| 035 |
|
|
|a (OCoLC)156816820
|
| 040 |
|
|
|a BTCTA
|c BTCTA
|d BAKER
|d JBL
|d DPL
|d TXA
|d UtOrBLW
|
| 043 |
|
|
|a n-us-md
|
| 049 |
|
|
|a TXAM
|
| 050 |
1 |
4 |
|a PS3562.I586
|b A72 2008b
|
| 082 |
0 |
4 |
|a 813/.6
|2 22
|
| 090 |
|
|
|a PS3562.I586
|b A56 2008
|
| 100 |
1 |
|
|a Lippman, Laura,
|d 1959-
|
| 245 |
1 |
0 |
|a Another thing to fall /
|c Laura Lippman.
|
| 264 |
|
1 |
|a [New York] :
|b Harper Audio,
|c [2008]
|
| 264 |
|
4 |
|c ℗2008
|
| 300 |
|
|
|a 8 sound discs (9 hr.) :
|b digital ;
|c 4 3/4 in.
|
| 306 |
|
|
|a 090000
|
| 336 |
|
|
|a spoken word
|b spw
|2 rdacontent
|
| 337 |
|
|
|a audio
|b s
|2 rdamedia
|
| 338 |
|
|
|a audio disc
|b sd
|2 rdacarrier
|
| 511 |
0 |
|
|a Performed by Linda Emond.
|
| 500 |
|
|
|a Unabridged.
|
| 500 |
|
|
|a Compact discs.
|
| 520 |
|
|
|a When the production of a Hollywood film in Baltimore brings mayhem and murder to the area, private investigator Tess Monaghan finds her job complicated by the acting skills of her numerous suspects.
|
| 500 |
|
|
|a Sound recording.
|
| 650 |
|
0 |
|a Monaghan, Tess (Fictitious character)
|v Fiction.
|
| 650 |
|
0 |
|a Television programs
|x Production and direction
|v Fiction.
|
| 650 |
|
0 |
|a Actresses
|v Fiction.
|
| 650 |
|
0 |
|a Women private investigators
|z Maryland
|z Baltimore
|v Fiction.
|
| 651 |
|
0 |
|a Baltimore (Md.)
|v Fiction.
|
| 655 |
|
7 |
|a Mystery fiction.
|2 gsafd
|
| 655 |
|
7 |
|a Audiobooks.
|2 lcgft
|
| 700 |
1 |
|
|a Emond, Linda.
|
| 710 |
2 |
|
|a Harper Audio (Firm)
|
| 938 |
|
|
|a Baker and Taylor
|b BTCP
|n BK0007325854
|
| 938 |
|
|
|a Baker & Taylor
|b BKTY
|c 39.95
|d 29.96
|i 0061453021
|n 0007325854
|s active
|
| 948 |
|
|
|a cataloged
|b h
|c 2008/3/28
|d c
|e ceaton
|f 1:15:56 pm
|
| 994 |
|
|
|a C0
|b TXA
|
| 999 |
|
|
|a MARS
|
| 999 |
f |
f |
|s 55f63fa8-6cc8-3b04-a274-dcca2d32d9bf
|i cdedae6d-3dcd-3b55-b1ab-5f129d0da924
|t 0
|
| 952 |
f |
f |
|p ric
|a Texas A&M University
|b Rellis Campus
|c Joint Library Facility
|d Remote Storage
|t 0
|e PS3562.I586 A56 2008
|h Library of Congress classification
|i audio -- audio disc
|m A14837088060
|
| 998 |
f |
f |
|a PS3562.I586 A56 2008
|t 0
|l Remote Storage
|